| 000 | 00690nam a2200229Ia 4500 | ||
|---|---|---|---|
| 003 | GCL | ||
| 008 | 140319s9999 xx 000 0 ara d | ||
| 040 |
_aGCL / _cGCL |
||
| 082 | 0 | 4 |
_a155.7 _bم ط |
| 100 | 1 | _aمنصور حسين | |
| 245 | 1 | 0 |
_aالطفل والمراهق / _cمنصور حسين |
| 700 | 1 | _aمحمد مصطفى زيدان | |
| 260 |
_aالقاهرة : _bمكتبة النهضة المصرية ، _c1982 |
||
| 300 |
_a204 ص ؛ _c24 سم |
||
| 490 | _a | ||
| 650 | 0 | 4 | _aعلم النفس |
| 650 | 0 | 4 | _aعلم نفس الطفل |
| 650 | 0 | 4 | _aعلم نفس النمو |
| 650 | 0 | 4 | _aالفروق الفردية |
| 650 | 0 | 4 | _aالسيكولوجى |
| 942 |
_2ddc _cBK |
||
| 999 |
_c41465 _d41465 |
||